000 00924nac a22002771i 4500
003 EG-ScBUE
005 20241125104039.0
008 241125t2004 nyua f b 001 0 eng d
020 _a0387402721 (acid-free paper)
020 _a9780387402727
040 _aEG-ScBUE
_beng
_erda
_cEG-ScBUE
_dEG-ScBUE
082 0 4 _a519.5
_bWAS
_222
100 1 _aWasserman, Larry,
_eauthor.
245 1 0 _aAll of statistics :
_ba concise course in statistical inference /
_cLarry Wasserman.
264 1 _aNew York :
_bSpringer,
_c[2004]
264 4 _cc2004
300 _axix, 442 pages :
_billustrations ;
_c25 cm.
336 _2rdacontent
_atext
_btxt
337 _aunmediated
_2rdamedia
_bn
338 _avolume
_bnc
_2rdacarrier
490 0 _aSpringer texts in statistics
504 _aIncludes bibliographical references and index.
650 7 _aMathematical statistics.
_2BUEsh
655 _vReading book
942 _cBB
_2ddc
999 _c1335
_d1335